000 00951nam a2200241Ia 4500
003 Ost
005 20260507074944.0
008 260507s9999||||xx |||||||||||||| ||und||
020 _a9773790411
040 _cfsecg
041 _aara
082 _a332.642
100 _aالصيرفي، محمد
_eمؤلف
245 0 _aالبورصات /
_c محمد الصيرفي
260 _aالاسكندرية:
_bدار الفكر الجامعي,
_c2008
300 _a316 صفحة؛
_c24 سم
504 _aبيبليوغرافيا ص.313
520 _aيعالج الكتاب الفصول التالية :الأسواق ،أسواق الأوراق المالية ،أسواق الإصدار ،أسواق التداول"البورصات" ،الأوراق المالية ،المضاربة ،محفظة الأوراق المالية.
653 _aالمضاربة
653 _aاوراق مالية
653 _aبورصة
942 _cكتاب
999 _c41952
_d41952